ARRUPE JESUIT UNIVERSITY

CORONAVIRUS -STOP THE SPREAD - CLEAN,DISINFECT,COVER

Travels of James Bruce (Record no. 120236)

MARC details
000 -LEADER
fixed length control field 00521nam a22001337a 4500
008 - FIXED-LENGTH DATA ELEMENTS--GENERAL INFORMATION
fixed length control field 140320b xxu||||| |||| 00| 0 eng d
050 ## - LIBRARY OF CONGRESS CALL NUMBER
Classification number SPC DT377.B88 1897
100 ## - MAIN ENTRY--PERSONAL NAME
Personal name Bruce, James
9 (RLIN) 9203
245 ## - TITLE STATEMENT
Title Travels of James Bruce
Remainder of title through part of Africa, Syria, Egypt, and Arabia into Abyssinia to discover the sorce of the Nile
Statement of responsibility, etc James Bruce
260 ## - PUBLICATION, DISTRIBUTION, ETC. (IMPRINT)
Place of publication, distribution, etc London
Name of publisher, distributor, etc W. and R. Chambers
Date of publication, distribution, etc 1897
300 ## - PHYSICAL DESCRIPTION
Extent vii, 358p ;
Dimensions 20cm.
650 ## - SUBJECT ADDED ENTRY--TOPICAL TERM
Topical term or geographic name as entry element Nile River
General subdivision Description and travel
Geographic subdivision Ethiopia
-- Egypt
9 (RLIN) 9204
942 ## - ADDED ENTRY ELEMENTS (KOHA)
Source of classification or shelving scheme Library of Congress Classification
Item type REFERENCE
Holdings
Withdrawn status Lost status Source of classification or shelving scheme Damaged status Not for loan Collection code Home library Current library Shelving location Date acquired Total Checkouts Full call number Barcode Date last seen Price effective from Koha item type
    Library of Congress Classification     SPECIAL Collection ARRUPE LIBRARY ARRUPE LIBRARY Main Collection 20/03/2014   SPC DT377.B88 1897 46500001949 05/07/2018 20/03/2014 REFERENCE

 

Arrupe Library. PO Box MP320 Mt Pleasant, Harare, Zimbabwe
263 242 745411|librarian@aju.ac.zw